The Legend of Zelda : Breath of the Wild A-Z - Statistiques

Statistiques générales
  • Ce quiz a été pris 138 fois
  • Le résultat moyen est 19 sur 24
Statistiques - réponses
Indice Lettre Réponse % Correct
Objet servant à parer une attaque B Bouclier
97%
Moyen de transport le plus rapide (hormis la téléportation) C Cheval
97%
Boss final dans les sous-sol du château G Ganon
96%
Nom du royaume dans lequel se passe le jeu H Hyrule
96%
Nom du chevalier servant de la princesse et héros du jeu L Link
96%
Cheffe du village de Cocorico I Impa
92%
Lieu du début du jeu P Plateau du prélude
92%
Race de personnages qui se déplacent avec aisance dans l'eau Z Zora
91%
Nom de l'arbre protecteur des êtres en K M Mojo
90%
Prodige Goron D Daruk
89%
Petits êtres qui aiment se cacher K Korogu
89%
Endroit où le héros peut se reposer et enregistrer la race en C R Relais
88%
Types de bâtiments situés à proximité des précédents S Sanctuaire
88%
Prodige Gerudo U Urbosa
87%
Groupe de Sheikas hostiles à la famille royale Y Yigas
86%
Village du laboratoire antique de Pru'ha E Elimith
85%
Être de la race en K spécial, qui peut augmenter l'inventaire N Noia
77%
Symbole de la licence dessiné par les moines dans les S, tous les 4 situés dans la réponse en P T Triforce
73%
Dragon du feu O Ordrac
68%
Scientifique du laboratoire antique d'Akkala F Faras
67%
Particule devant chaque créature divine V Vah
50%
Ménestrel piaf A Asarim
47%
Dans les DLC, ce personnage donne ce nom à un casque donnant l'immunité au gel X Xanto
36%
Femme du scientifique en F J Jerine
6%
Aucun quiz correspondant
Distribution des résultats
% des personnes avec chaque résultat
Percentile par nombre de réponses
Votre historique - résultats
Vous n’avez pas pris ce quiz